Datum a čas kvízu
19
Celkem bodů
Celkový počet nahraných bodů na tomto kvízu bez doplňovacích otázek.
5.
Pořadí na kvízu
Konečné umístění týmu na tomto kvízu.
Zaznamenané odpovědi
| # | Otázka | Odpověď | Body | Výsledky |
|---|---|---|---|---|
| 1. | V pondělí se český premiér ,,j... | Adam Vojtěch | 1 | |
| 2. | Turistům se minulý týden uzavř... | Uluru (Ayers Rock) | 0 | |
| 3. | V neděli měl vystoupit známý č... | David Černý | 0 | |
| 4. | Před měsícem vzbudila rozruch... | 0 | ||
| 5. | Minulý týden bylo oznámeno, že... | Fernando Alonso | 0 | |
| 6. | Druhý díl naší cesty kolem svě... | Srí Lanka (do r. 1972 Cejlon) | 0 | |
| 7. | Pokračujeme dále do jihovýchod... | Thajsko | 0 | |
| 8. | Další dvě otázky budou patřit... | Medvídek Pú | 0 | |
| 9. | Jakou barvou je přibližně vyz... | žlutou barvou | 0 | |
| 10. | Dnešní putování zakončíme v Mo... | z kobylího mléka | 0 |